Összegabalyodva Venus és Mars ábrázolása az Augustus kori ikonográfiában és irodalomban : [absztrakt] /

Elmentve itt :
Bibliográfiai részletek
Szerző: Pete Viola
Testületi szerző: IX. Móra Kárpát-medencei Interdiszciplináris Szakkollégiumi Konferencia
Dokumentumtípus: Könyv része
Megjelent: Szegedi Tudományegyetem Móra Ferenc Szakkollégium Szeged 2025
Sorozat:Móra Kárpát-medencei Interdiszciplináris Szakkollégiumi Konferencia 9
Kulcsszavak:Képzőművészet - ókori - római - császárkori - előadáskivonat, Latin irodalom története - ókor - előadáskivonat, Ikonográfia - ókori - római - előadáskivonat
Tárgyszavak:
Online Access:http://acta.bibl.u-szeged.hu/89140
LEADER 01188naa a2200217 i 4500
001 acta89140
005 20251203152953.0
008 251203s2025 hu o 100 hun d
040 |a SZTE Egyetemi Kiadványok Repozitórium  |b hun 
041 |a hun 
100 1 |a Pete Viola 
245 1 0 |a Összegabalyodva  |h [elektronikus dokumentum] :  |b Venus és Mars ábrázolása az Augustus kori ikonográfiában és irodalomban : [absztrakt] /  |c  Pete Viola 
260 |a Szegedi Tudományegyetem Móra Ferenc Szakkollégium  |b Szeged  |c 2025 
300 |a 96 
490 0 |a Móra Kárpát-medencei Interdiszciplináris Szakkollégiumi Konferencia  |v 9 
650 4 |a Bölcsészettudományok 
650 4 |a Nyelvek és irodalom 
650 4 |a Művészetek (művészetek, művészettörténet, előadóművészetek, zene) 
695 |a Képzőművészet - ókori - római - császárkori - előadáskivonat, Latin irodalom története - ókor - előadáskivonat, Ikonográfia - ókori - római - előadáskivonat 
711 |a IX. Móra Kárpát-medencei Interdiszciplináris Szakkollégiumi Konferencia  |c Szeged  |d 2025. november 21-23. 
856 4 0 |u http://acta.bibl.u-szeged.hu/89140/1/morakonf_2025_096.pdf  |z Dokumentum-elérés